|
|
|
|
| LEADER |
01324nam a2200361Ia 4500 |
| 001 |
EBC289817 |
| 003 |
MiAaPQ |
| 005 |
20200520144314.0 |
| 006 |
m o d | |
| 007 |
cr cn||||||||| |
| 008 |
041018s2004 enk gsb 000 0 eng d |
| 020 |
|
|
|z 0861769201
|
| 035 |
|
|
|a (MiAaPQ)EBC289817
|
| 035 |
|
|
|a (Au-PeEL)EBL289817
|
| 035 |
|
|
|a (CaPaEBR)ebr10058615
|
| 035 |
|
|
|a (CaONFJC)MIL51547
|
| 035 |
|
|
|a (OCoLC)70759321
|
| 040 |
|
|
|a MiAaPQ
|c MiAaPQ
|d MiAaPQ
|
| 050 |
|
4 |
|a HF5548.32
|b .E28 2004
|
| 245 |
0 |
0 |
|a E-business
|h [electronic resource] /
|c guest editor, Professor Stanley Paliwoda.
|
| 246 |
3 |
|
|a Electronic business
|
| 260 |
|
|
|a [Bradford, England] :
|b Emerald Group Pub.,
|c 2004.
|
| 300 |
|
|
|a 81 p.
|
| 490 |
1 |
|
|a Qualitative market research ;
|v v. 7, no. 1, 2004
|
| 504 |
|
|
|a Includes bibliographical references.
|
| 533 |
|
|
|a Electronic reproduction. Ann Arbor, MI : ProQuest, 2015. Available via World Wide Web. Access may be limited to ProQuest affiliated libraries.
|
| 650 |
|
0 |
|a Electronic commerce.
|
| 650 |
|
0 |
|a Information superhighway.
|
| 655 |
|
4 |
|a Electronic books.
|
| 700 |
1 |
|
|a Paliwoda, Stanley.
|
| 710 |
2 |
|
|a ProQuest (Firm)
|
| 830 |
|
0 |
|a Qualitative market research ;
|v v. 7, no. 1.
|
| 856 |
4 |
0 |
|u https://ebookcentral.proquest.com/lib/matrademy/detail.action?docID=289817
|z Click to View
|